L'ultimo faro /

Uloženo v:
Podrobná bibliografie
Hlavní autor: Zannoner, Paola (Autor)
Médium: Kniha
Jazyk:italština
Vydáno: Milano : DeA, 2017
Tagy: Přidat tag
Žádné tagy, Buďte první, kdo vytvoří štítek k tomuto záznamu!

MARC

LEADER 00000nam a22000007i 4500
001 IT\ICCU\TO1\0019206
003 ItRI
005 20260115232109.0
008 170412s2017 it |||||| ||||| |||||c
020 |a 9788851147907 
040 |b ita  |c importazione bologna sebina 
041 7 |a ita  |2 ISO-639-2 
082 |a 853.914  |9 NARRATIVA ITALIANA. 1945-  |2 19 
100 1 |a Zannoner, Paola  |0 IT\ICCU\RAVV\095780  |4 aut 
240 1 2 |a L'ultimo faro  |3 IT\ICCU\TO1\0019278  |9 Zannoner, Paola 
245 1 2 |a L'ultimo faro /  |c Paola Zannoner. 
260 |a Milano :  |b DeA,  |c 2017 
300 |a 363 p. ;  |c 22 cm 
942 |2 ddc  |c BK  |n 0 
952 |0 0  |1 0  |4 0  |6 R_853_920000000000000_ZAN  |7 0  |9 19999  |a BO  |b BO  |d 2026-01-15  |i 18857  |l 0  |o R 853.92 ZAN  |p BO18857  |r 2026-01-15 23:21:09  |w 2026-01-15  |x [Sebina 5] [1 v.]  |y BK  |z 1 v. 
999 |c 17048  |d 17048